000 00931nmm a2200289 a 4500
001 ocm000552698
003 TR-IsHL
005 20201028122045.0
008 110704s2004 tu tur
007 cr cn
020 _a9789758729098
035 _a552698
_b(N$T)
050 0 4 _aBF1708.8
_b.L49 2004
090 0 4 _aBF1708.8
_b.L49 2004
100 1 _aLewi, Grant
245 1 0 _aAstroloji: ne çok şey söyler şu yıldızlar
_h[electronic resource] /
_cGrant Lewi ; çev. Eda Aksan
250 _a1. bs.
260 _aİstanbul :
_bDharma Yayıncılık,
_c2004
300 _a496 p.
650 4 _aFelsefe, Psikoloji ve Din
650 4 _aPhilosophy, Psychology and Religion
650 0 _aAstroloji
650 0 _aAstrology
650 7 _aBODY, MIND & SPIRIT / Astrology / General
_2bisacsh
700 1 _aAksan, Eda
856 4 0 _uhttp://search.ebscohost.com/login.aspx?direct=true&scope=site&db=e011xww&AN=552698
999 _c1663
_d1663